Kitāb shumūs al-anwār wa-kunūz al-asrār al-kubrā /
محفوظ في:
المؤلف الرئيسي:
التنسيق: كتاب
اللغة: Arabic
منشور في:
Cairo :
Saʻīd ʻAlī al-Khuṣūṣī,
[19--].
الموضوعات:
الوسوم: إضافة وسم
لا توجد وسوم, كن أول من يضع وسما على هذه التسجيلة!
رقم الطلب: PJ7760 .I162
| LEADER | 00657nam a22001817a 4500 | ||
|---|---|---|---|
| 005 | 20251221132809.0 | ||
| 008 | 251221q19-- ua 000 0 arard | ||
| 040 | |c ARCE Library | ||
| 050 | 1 | 4 | |a PJ7760 |b .I162 |
| 100 | 1 | |a Ibn al-Ḥājj, |c al-Fāsī, Muḥammad ibn Muḥammad, |d -1336. | |
| 245 | 1 | 0 | |a Kitāb shumūs al-anwār wa-kunūz al-asrār al-kubrā / |c li-Ibn al-Ḥājj al-Tilimsānī al-Maghribī. |
| 260 | |a Cairo : |b Saʻīd ʻAlī al-Khuṣūṣī, |c [19--]. | ||
| 300 | |a 128 pages ; |c 21 cm. | ||
| 650 | 0 | |a Alphabet |v Folklore. | |
| 650 | 0 | |a Alphabet |x Religious aspects. | |
| 650 | 0 | |a Alphabet |x Aspect religieux. | |
| 942 | |2 lcc |c BK | ||
| 999 | |c 48655 |d 48655 | ||
